Visualizzazione normale
Vista MARC
- Kachyna Karel
di Personal Name
Records bibliografici associati: 1
001 - CONTROL NUMBER
- control field: 43896
003 - CONTROL NUMBER IDENTIFIER
- control field: IT-RoPau
005 - DATE AND TIME OF LATEST TRANSACTION
- control field: 20151127120219.0
008 - FIXED-LENGTH DATA ELEMENTS
- fixed length control field: 151127|| aca||aabn | a|a d
040 ## - CATALOGING SOURCE
- Original cataloging agency: IT-RoPau
- Transcribing agency: IT-RoPau
100 ## - HEADING--PERSONAL NAME
- Personal name: Kachyna Karel
- Miscellaneous information: Codice regista SPICS: 38733
670 ## - SOURCE DATA FOUND
- Source citation: Work cat.: (IT-RoPau)105885: Kachyna Karel Codice regista SPICS: 38733, RIVINCITA (LA) RIVINCITA (LA) (Rif. Codice opera principale : V0744)